000 00672nam a2200253Ia 4500
003 OSt
005 20220918163313.0
006 a|||||r|||| 00| 0
007 ta
008 220917b |||||||| |||| 00| 0 eng d
020 _a0 521 43118 2
024 _a30,837
037 _cTextual
040 _aARTS
_cARTS
_beng
041 _2eng
_aeng
082 _aO111,3M82:g(W), N5
100 _aVheng Vincent J
_912591
245 0 _aJoyce race and empire
260 _aCambridge
_bCUP UK
_c1995
300 _axxii, 329p.
_ccm.
650 _aENGLISH LITERATURE
942 _hO111,3M82:g(W), N5
_cTEXL
_2CC
999 _c119020
_d119020